| 000 | 00616cam a22002171 4500 | ||
|---|---|---|---|
| 001 | 7509153 | ||
| 005 | 20180309034344.0 | ||
| 008 | 730705s1963 ilua 000 0 eng | ||
| 010 | _a 63016889 | ||
| 035 | _a(OCoLC)652245 | ||
| 040 |
_aDLC _cOClU _dNcRS _dDLC |
||
| 041 | _aeng | ||
| 042 | _apremarc | ||
| 080 | _a651.74 MEN | ||
| 082 | _a651.74 MEN | ||
| 100 | 1 | _a57 | |
| 101 | _aBIZ | ||
| 245 | 1 | 0 |
_aCommunicating through letters and reports _c[by] J. H. Menning and C. W. Wilkinson. With the assistance of Dorothy Colby Menning. |
| 906 |
_a7 _bcbc _coclcrpl _du _encip _f19 _gy-gencatlg |
||
| 942 |
_2ddc _cBK |
||
| 999 |
_c44530 _d44530 |
||